Vista normal
Vista MARC
- Lemos Pires, Taciano
Entrada Personal Name
Número de registros utilizados en: 1
001 - CONTROL NUMBER
- control field: 42915
003 - CONTROL NUMBER IDENTIFIER
- control field: OSt
005 - DATE AND TIME OF LATEST TRANSACTION
- control field: 20170605090735.0
008 - FIXED-LENGTH DATA ELEMENTS
- fixed length control field: 170605|| aca||aabn | a|a d
040 ## - CATALOGING SOURCE
- Original cataloging agency: OSt
- Transcribing agency: OSt
100 ## - HEADING--PERSONAL NAME
- Personal name: Lemos Pires, Taciano
670 ## - SOURCE DATA FOUND
- Source citation: Work cat.: (OSt): Gutiérrez Sandí, William 9395, Enfermedades de transmisión sexual (ETS) y la salud sexual costarricense: tema III. Hábitos sexuales y normativa legal., 2017